Normal view
MARC view
- Hassan Zahid Butt (00000172817)
Entry Personal Name
001 - CONTROL NUMBER
- control field: 116429
003 - CONTROL NUMBER IDENTIFIER
- control field: NUST
005 - DATE AND TIME OF LATEST TRANSACTION
- control field: 20230912165944.0
008 - FIXED-LENGTH DATA ELEMENTS
- fixed length control field: 230912|| aca||aabn | a|a d
040 ## - CATALOGING SOURCE
- Original cataloging agency: NUST
- Transcribing agency: NUST
100 ## - HEADING--PERSONAL NAME
- Personal name: Hassan Zahid Butt (00000172817)
670 ## - SOURCE DATA FOUND
- Source citation: Work cat.: (NUST): Hassan Zahid Butt (00000172817), Grid Connected Single Phase PV System Modeling and Control with Low Voltage Ride through Capability /, 2019
